00302 a2200121 4500003000400000005001700004008004100021040000900062082002000071245004300091260003800134300000800172OSt20231108142704.0231108b |||||||| |||| 00| 0 eng d coclc a894.8124bMUH/A aAathmeeyathayude puthupravanathakal / aKerala:bSamanwayam books,c2002. a56p